00458nam a2200181Ia 4500001000900000003000500009008004100014010001100055040000900066100001800075245004900093260004800142300001100190410003000201650001400231650001400245700001700259Para_709CHAP220125s1914 xx 000 0 und d a199434 cCHAP aJackman, J.A. aSpiders /c by J.A. Jackman and P.J. Hamman aTexas :b The Texas a&M. University Sistem a1 hoja aHouse and landscape pests aAracnidos aAran˃as  aHamman, P.J.